00599nam a2200181Ia 450000500170000000800390001702000150005604000450007104100080011610000210012424500770014525000230022226000550024530000180030050400410031865000200035965000380037920140903180613.0130925s2008 ag frn 000 0dspa a9875170564 aCO-BoUCMbspacAngélica Rojasd[Nuevo]00aspa1 aCahián, Adolfo10aDerecho de las fundacionescAdolfo Cahián ; prólogo de Avelino Porto a2a edbactualizada aBuenos Aires (Argentina)bEdiciones La Roccac2008 a446 páginas aIncluye referencias bibliográficas 7aDerecho privado 7aFundaciones benéficas (Derecho)